Statistics for Name the Bear (Ursid) Species

Click here to take the quiz!

General Stats

  • This quiz has been taken 384 times
  • The average score is 5 of 8

Answer Stats

Answer% Correct
Giant panda
100%
Brown bear
99%
Polar bear
98%
Sun bear
66%
Spectacled bear
41%
Sloth bear
40%
American black bear
37%
Asian black bear
37%

Score Distribution

Percentile by Number Answered

Percent of People with Each Score

Your Score History

You have not taken this quiz